Statistics for Top 20 most important and famous people from Texas

Click here to take the quiz!

General Stats

  • This quiz has been taken 52 times
  • The average score is 10 of 20

Answer Stats

HintAnswer% Correct
President from 2001 to 2009George W. Bush
95%
President from 1963 to 1969Lyndon B. Johnson
86%
Female singer, former member of Destiny's Child, Crazy in Love, Baby BoyBeyoncé
78%
President from 1953 to 1961Dwight D. Eisenhower
78%
Actor famous for his roles in Zoolander and Marley & MeOwen Wilson
70%
Actor famous for his roles in Django Unchained and RayJamie Foxx
68%
Boxer who lost his first match against Muhammad Ali in the iconic Rumble in the Jungle in 1974George Foreman
59%
Actor famous for his roles in Interstellar and Dallas Buyers ClubMatthew McConaughey
59%
Actress murdered in 1969 by members of the Manson FamilySharon Tate
59%
Female singer, Piece Of My Heart, Me and Bobby McGeeJanis Joplin
57%
Actress famous for her roles in Bridget Jones's Diary and ChicagoRenée Zellweger
57%
Singer, You Got It, Oh, Pretty Woman, Crying, In DreamsRoy Orbison
57%
Basketball player who played 19 seasons in NBA and 4 times NBA champion with Los Angeles Lakers and Miami Heat in 2000sShaquille O’Neal
49%
Female singer, Amor Prohibido, Como la FlorSelena
32%
Singer, Oh Boy!, EverydayBuddy Holly
27%
Rapper, Highest in the Room, goosebumpsTravis Scott
24%
Female singer, My Mind & Me, Who SaysSelena Gomez
22%
One of the greatest professional wrestlers of all time, introduced in the WWE Hall of Fame in 2022The Undertaker
22%
Actress famous for her role in Singin' in the RainDebbie Reynolds
16%
Professional wrestler died in 2005Eddie Guerrero
8%

Score Distribution

Percentile by Number Answered

Percent of People with Each Score

Your Score History

You have not taken this quiz